| 000 | 00573nam a2200145Ia 4500 | ||
|---|---|---|---|
| 008 | 170221s9999 xx 000 0 und d | ||
| 100 | _aYüksel, Şule. | ||
| 245 | _aCittaslow: Urban Concept in a Different Perspective and Analysing of Turkish Cittaslow Cities’ Documentaries | ||
| 245 | _cŞule Yüksel, Özmen Haluk, Birsen Özgül, Birsen Şerife, Özgün Çıtak, Onur Oğur Karadeniz. | ||
| 260 | _bOnline Journal of Communication and Media Technologies | ||
| 260 | _c2012 | ||
| 650 | _xCommunication | ||
| 650 | _xMedia Arts | ||
| 856 | _uhttp://www.ojcmt.net/ | ||
| 999 |
_c310514 _d310514 |
||